[Event "Feffernitz Raika op 18th"]
[Site "Feffernitz"]
[Date "2009.08.20"]
[Round "6"]
[White "Mayer, Martin"]
[Black "Grasser, Peter"]
[Result "1-0"]
[WhiteElo "2037"]
[BlackElo "1903"]
[PlyCount "73"]
[EventDate "2009.08.16"]
[EventType "swiss"]
[EventRounds "9"]
[EventCountry "AUT"]
[SourceTitle "CBM 131 Extra"]
[Source "ChessBase"]
[SourceDate "2009.09.03"]
[SourceVersion "2"]
[SourceVersionDate "2009.09.16"]
[SourceQuality "1"]

1. d4 d5 2. Nf3 Nf6 3. c4 c6 4. Bg5 e6 5. e3 a6 6. Bd3 Nbd7 7. 0-0 b5 8. c5 Be7 9. Nbd2 0-0 10. b4 Ne8 11. Bxe7 Qxe7 12. Nb3 Bb7 13. Qc2 g6 14. a4 Nc7 15. Na5 Rfb8 16. Ra2 e5 17. dxe5 Nxe5 18. Nd4 Qf6 19. axb5 axb5 20. Be2 Ra6 21. Rfa1 Bc8 22. Qb2 Kg7 23. Nf3 Nxf3+ 24. Bxf3 Qxb2 25. Rxb2 Ne6 26. Rd1 Bd7 27. e4 Nxc5 28. exd5 Na4 29. Rc2 cxd5 30. Bxd5 Rd6 31. Rcd2 Nc3 32. Bxf7 Rxd2 33. Rxd2 Kxf7 34. Rxd7+ Kg8 35. f3 Na2 36. Nc6 Rc8 37. Ne7+ 1-0

[Event "Niederoesterreich Landesliga 0809"]
[Site "Austria"]
[Date "2008.10.12"]
[Round "2"]
[White "Schwarhofer, Christopher"]
[Black "Mayer, Martin"]
[Result "1-0"]
[WhiteElo "2189"]
[BlackElo "2015"]
[PlyCount "43"]
[EventDate "2008.09.28"]
[EventType "team-tourn"]
[EventRounds "11"]
[EventCountry "AUT"]
[SourceTitle "EXT 2022"]
[Source "ChessBase"]
[SourceDate "2021.10.06"]
[SourceVersion "1"]
[SourceVersionDate "2021.10.06"]
[SourceQuality "1"]

1. e4 c5 2. Nf3 d6 3. d4 cxd4 4. Nxd4 Nf6 5. Nc3 Nc6 6. f3 e5 7. Nb3 Be6 8. Nd5 Be7 9. Be3 0-0 10. Qd2 Nd7 11. Nxe7+ Qxe7 12. 0-0-0 Rfc8 13. Kb1 a5 14. Nc1 b5 15. Bxb5 Rab8 16. a4 Nb6 17. Qxd6 Qxd6 18. Rxd6 Nc4 19. Rxe6 Rxb5 20. axb5 Nb4 21. Rxe5 Nxe5 22. c3 1-0

[Event "Feffernitz Raika op 17th"]
[Site "Feffernitz"]
[Date "2008.08.18"]
[Round "3"]
[White "Mayer, Martin"]
[Black "Pacher, Simon"]
[Result "0-1"]
[WhiteElo "2067"]
[BlackElo "1893"]
[PlyCount "52"]
[EventDate "2008.08.17"]
[EventType "swiss"]
[EventRounds "9"]
[EventCountry "AUT"]
[SourceTitle "CBM 126 Extra"]
[Source "ChessBase"]
[SourceDate "2008.11.05"]
[SourceVersion "1"]
[SourceVersionDate "2008.11.05"]
[SourceQuality "1"]

1. d4 e6 2. e4 d5 3. exd5 exd5 4. Bd3 Bd6 5. h3 h6 6. Nf3 Nf6 7. 0-0 0-0 8. Re1 Re8 9. Nbd2 Nbd7 10. c4 c6 11. c5 Bc7 12. b4 a6 13. a4 Nf8 14. Ne5 Ne6 15. Ndf3 Nd7 16. Ra2 Nxe5 17. dxe5 a5 18. b5 Nxc5 19. Ba3 Nxd3 20. Qxd3 Re6 21. bxc6 bxc6 22. Nd4 Rg6 23. e6 Bxe6 24. Nxc6 Bf5 25. Qxf5 Rxc6 26. Be7 Qxe7 0-1

[Event "Niederoesterreich Landesliga 0506"]
[Site "Austria"]
[Date "2006.04.02"]
[Round "12"]
[White "Mayer, Martin"]
[Black "Todor, Razvan"]
[Result "1/2-1/2"]
[WhiteElo "1967"]
[BlackElo "2153"]
[PlyCount "28"]
[EventDate "2005.09.18"]
[EventType "team-tourn"]
[EventRounds "13"]
[EventCountry "AUT"]
[SourceTitle "EXT 2022"]
[Source "ChessBase"]
[SourceDate "2021.10.06"]
[SourceVersion "1"]
[SourceVersionDate "2021.10.06"]
[SourceQuality "1"]

1. e4 d5 2. exd5 Qxd5 3. Nc3 Qd6 4. Nf3 Nf6 5. Be2 Bf5 6. 0-0 a6 7. d4 Nc6 8. a3 0-0-0 9. d5 Nxd5 10. Qxd5 Qxd5 11. Nxd5 Rxd5 12. Bc4 Rd7 13. Bxf7 e6 14. Be8 Rd5 1/2-1/2

[Event "Niederoesterreich Landesliga 0506"]
[Site "Austria"]
[Date "2005.11.27"]
[Round "6"]
[White "Mayer, Martin"]
[Black "Batyte, Daiva"]
[Result "0-1"]
[WhiteElo "1967"]
[BlackElo "2180"]
[PlyCount "116"]
[EventDate "2005.09.18"]
[EventType "team-tourn"]
[EventRounds "13"]
[EventCountry "AUT"]
[SourceTitle "EXT 2022"]
[Source "ChessBase"]
[SourceDate "2021.10.06"]
[SourceVersion "1"]
[SourceVersionDate "2021.10.06"]
[SourceQuality "1"]

1. e4 b6 2. d4 Bb7 3. Bd3 Nf6 4. f3 e6 5. Be3 c5 6. c3 Nc6 7. Ne2 cxd4 8. Nxd4 Ne5 9. Be2 Be7 10. Nd2 0-0 11. 0-0 d5 12. f4 Nc4 13. Nxc4 dxc4 14. Bxc4 Bxe4 15. Qe2 Qc7 16. Rad1 a5 17. a4 Qb7 18. Bd3 Rfd8 19. Bxe4 Qxe4 20. Qf3 Rac8 21. Qxe4 Nxe4 22. Nb3 h5 23. Rd4 Nxc3 24. Rxd8+ Bxd8 25. bxc3 Rxc3 26. Rd1 Bc7 27. Nxa5 Rxe3 28. Rd7 Bxf4 29. Nc4 Re4 30. Nd6 Rxa4 31. Rd8+ Kh7 32. Nxf7 Ra1+ 33. Kf2 Bxh2 34. Ng5+ Kg6 35. Nxe6 Ra5 36. Rd3 Ra2+ 37. Kf3 Kf6 38. Nf8 Kf5 39. Nd7 Bc7 40. Rb3 g5 41. Rb5+ Kg6 42. Nf8+ Kh6 43. Ne6 g4+ 44. Ke3 Bg3 45. Ke4 Ra6 46. Nd4 Bf2 47. Nf5+ Kh7 48. Kf4 Bc5 49. Kg5 Ra5 50. Rb1 Be7+ 51. Kf4 Bd8 52. Rd1 Bf6 53. Rb1 Kg6 54. Nd6 Be5+ 55. Ke4 Bxd6 56. Rxb6 Re5+ 57. Kd4 Re6 58. Kd5 Kf5 0-1

[Event "Niederoesterreich Landesliga 0506"]
[Site "Austria"]
[Date "2005.10.02"]
[Round "2"]
[White "Szvetits, Rene"]
[Black "Mayer, Martin"]
[Result "0-1"]
[WhiteElo "2046"]
[BlackElo "1967"]
[PlyCount "50"]
[EventDate "2005.09.18"]
[EventType "team-tourn"]
[EventRounds "13"]
[EventCountry "AUT"]
[SourceTitle "EXT 2022"]
[Source "ChessBase"]
[SourceDate "2021.10.06"]
[SourceVersion "1"]
[SourceVersionDate "2021.10.06"]
[SourceQuality "1"]

1. e4 c5 2. Nf3 d6 3. d4 cxd4 4. Nxd4 Nf6 5. Nc3 Nc6 6. Be2 g6 7. Be3 Bg7 8. 0-0 0-0 9. Nb3 a6 10. a4 Be6 11. f4 Na5 12. Nxa5 Qxa5 13. Qd2 Rac8 14. Rab1 Rxc3 15. Qxc3 Qxa4 16. Bd3 Nd5 17. b3 Bxc3 18. bxa4 Nxe3 19. Rf3 Bd4 20. c3 Bc5 21. Kf2 Nd1+ 22. Kg3 Nxc3 23. Rxb7 Nxa4 24. Bxa6 Bc8 25. f5 Bxb7 0-1

[Event "Feffernitz Raika op 14th"]
[Site "Feffernitz"]
[Date "2005.08.23"]
[Round "4"]
[White "Mayer, Martin"]
[Black "Rattinger, Thomas"]
[Result "1/2-1/2"]
[WhiteElo "2070"]
[BlackElo "2205"]
[PlyCount "28"]
[EventDate "2005.08.21"]
[EventType "swiss"]
[EventRounds "9"]
[EventCountry "AUT"]
[SourceTitle "CBM 108 Extra"]
[Source "ChessBase"]
[SourceDate "2005.11.04"]
[SourceVersion "1"]
[SourceVersionDate "2005.11.04"]
[SourceQuality "1"]

1. d4 Nf6 2. Nf3 g6 3. c4 Bg7 4. Nc3 0-0 5. e4 d6 6. Be2 e5 7. Be3 Nc6 8. 0-0 h6 9. d5 Ne7 10. h3 Ne8 11. Qd2 Kh7 12. Nh2 f5 13. f4 Nf6 14. Bd3 Nh5 1/2-1/2

[Event "Niederoesterreich Landesliga 0405"]
[Site "Austria"]
[Date "2005.04.03"]
[Round "10"]
[White "Mayer, Martin"]
[Black "Todor, Razvan"]
[Result "0-1"]
[WhiteElo "2000"]
[BlackElo "2133"]
[PlyCount "47"]
[EventDate "2004.09.19"]
[EventType "team-tourn"]
[EventRounds "11"]
[EventCountry "AUT"]
[SourceTitle "EXT 2022"]
[Source "ChessBase"]
[SourceDate "2021.10.06"]
[SourceVersion "1"]
[SourceVersionDate "2021.10.06"]
[SourceQuality "1"]

1. d4 f5 2. Nf3 g6 3. g3 Nf6 4. Bg2 Bg7 5. c4 d6 6. Nc3 0-0 7. 0-0 c6 8. Re1 Nh5 9. e3 e5 10. dxe5 dxe5 11. b3 e4 12. Nd4 c5 13. Nde2 Nc6 14. Bb2 Nb4 15. Qxd8 Rxd8 16. Red1 Bd7 17. Rd2 Bc6 18. Rxd8+ Rxd8 19. Rd1 Rxd1+ 20. Nxd1 Bxb2 21. Nxb2 Nxa2 22. h3 Nf6 23. Nf4 Nc1 24. Ne6 0-1

[Event "Feffernitz Raika op 13th"]
[Site "Feffernitz"]
[Date "2004.08.22"]
[Round "9"]
[White "Rieke, Theo"]
[Black "Mayer, Martin"]
[Result "1-0"]
[WhiteElo "2233"]
[BlackElo "2078"]
[PlyCount "61"]
[EventDate "2004.08.14"]
[EventType "swiss"]
[EventRounds "9"]
[EventCountry "AUT"]
[SourceTitle "EXT 2005"]
[Source "ChessBase"]
[SourceDate "2004.11.15"]
[SourceVersion "1"]
[SourceVersionDate "2004.11.15"]
[SourceQuality "1"]

1. e4 c5 2. Nf3 d6 3. d4 cxd4 4. Nxd4 Nf6 5. Nc3 a6 6. Be2 Nc6 7. Be3 e6 8. 0-0 Be7 9. f4 0-0 10. a4 Qc7 11. Kh1 Nxd4 12. Qxd4 e5 13. Qd3 exf4 14. Bxf4 Be6 15. Rad1 Rad8 16. Qg3 Kh8 17. e5 dxe5 18. Bxe5 Qc6 19. Bf3 Rxd1 20. Rxd1 Qb6 21. Ne4 Bf5 22. h3 Bg6 23. Bc3 h6 24. Nxf6 Bxf6 25. Rd6 Qe3 26. Bxf6 gxf6 27. Qh4 Qc1+ 28. Rd1 Qxb2 29. Qxh6+ Kg8 30. c4 Qb4 31. Bd5 1-0

[Event "Niederoesterreich Landesliga 0304"]
[Site "Austria"]
[Date "2003.11.16"]
[Round "5"]
[White "Zojer, Thomas"]
[Black "Mayer, Martin"]
[Result "1/2-1/2"]
[WhiteElo "1938"]
[BlackElo "2092"]
[PlyCount "63"]
[EventDate "2003.09.21"]
[EventType "team-tourn"]
[EventRounds "11"]
[EventCountry "AUT"]
[SourceTitle "EXT 2022"]
[Source "ChessBase"]
[SourceDate "2021.10.06"]
[SourceVersion "1"]
[SourceVersionDate "2021.10.06"]
[SourceQuality "1"]

1. d4 d5 2. c4 e6 3. Nc3 Nf6 4. Bg5 Be7 5. Nf3 0-0 6. e3 Nbd7 7. Bd3 a6 8. 0-0 dxc4 9. Bxc4 b5 10. Be2 Bb7 11. Rc1 Rc8 12. a3 c5 13. dxc5 Nxc5 14. Nd4 Nd5 15. Bxe7 Qxe7 16. Bf3 Nxc3 17. Rxc3 Bxf3 18. Nxf3 Na4 19. Rc2 Nb6 20. Qe2 Rxc2 21. Qxc2 Rc8 22. Qe2 e5 23. Rd1 f6 24. Nd2 Rc2 25. Qd3 Rxb2 26. Ne4 Nc4 27. Qd5+ Kf8 28. h4 h5 29. Nc5 Rd2 30. Rxd2 Nxd2 31. Ne6+ Ke8 32. Nxg7+ 1/2-1/2

[Event "Niederoesterreich Landesliga 0304"]
[Site "Austria"]
[Date "2003.10.19"]
[Round "3"]
[White "Wiedermann, Franz"]
[Black "Mayer, Martin"]
[Result "1/2-1/2"]
[WhiteElo "2105"]
[BlackElo "2092"]
[PlyCount "81"]
[EventDate "2003.09.21"]
[EventType "team-tourn"]
[EventRounds "11"]
[EventCountry "AUT"]
[SourceTitle "EXT 2022"]
[Source "ChessBase"]
[SourceDate "2021.10.06"]
[SourceVersion "1"]
[SourceVersionDate "2021.10.06"]
[SourceQuality "1"]

1. d4 d5 2. c4 e6 3. Nf3 Nf6 4. g3 Be7 5. Bg2 0-0 6. 0-0 Nbd7 7. Qc2 Ne4 8. cxd5 exd5 9. Nc3 Nxc3 10. Qxc3 Re8 11. Bf4 c6 12. Rfe1 Nf6 13. Qb3 Qb6 14. Qxb6 axb6 15. a3 Bf5 16. Bc7 b5 17. Nh4 Bd7 18. Rec1 Ne4 19. Nf3 Ra6 20. Bf4 Rea8 21. Ne5 Be6 22. Rab1 g5 23. Be3 f6 24. Nd3 Bf5 25. g4 Bg6 26. f4 gxf4 27. Nxf4 Nd6 28. Nxg6 hxg6 29. Rd1 Nc4 30. Bf2 b4 31. e4 Rd8 32. axb4 Bxb4 33. exd5 cxd5 34. Rd3 Ra2 35. Rc1 Rxb2 36. Bxd5+ Rxd5 37. Rxc4 Bd6 38. Rf3 Kf7 39. h4 b5 40. Rc6 b4 41. Bg3 1/2-1/2

[Event "Niederoesterreich Landesliga 0304"]
[Site "Austria"]
[Date "2003.10.05"]
[Round "2"]
[White "Hirsch, Andreas"]
[Black "Mayer, Martin"]
[Result "0-1"]
[WhiteElo "1958"]
[BlackElo "2092"]
[PlyCount "64"]
[EventDate "2003.09.21"]
[EventType "team-tourn"]
[EventRounds "11"]
[EventCountry "AUT"]
[SourceTitle "EXT 2022"]
[Source "ChessBase"]
[SourceDate "2021.10.06"]
[SourceVersion "1"]
[SourceVersionDate "2021.10.06"]
[SourceQuality "1"]

1. e4 c5 2. Nf3 Nc6 3. d4 cxd4 4. Nxd4 e5 5. Nb5 a6 6. Nd6+ Bxd6 7. Qxd6 Qf6 8. Qa3 Qg6 9. Be3 Qxe4 10. Nc3 Qb4 11. Qxb4 Nxb4 12. 0-0-0 Ne7 13. Bc5 Nbc6 14. g3 d5 15. Rxd5 Nxd5 16. Nxd5 Bf5 17. Nc7+ Kd7 18. Nxa8 Rxa8 19. Bg2 Rc8 20. Rd1+ Nd4 21. Bxd4 Rxc2+ 22. Kb1 Rxf2+ 23. Ka1 exd4 24. Bxb7 d3 25. b4 d2 26. Kb2 Bg4 27. Kc2 Bxd1+ 28. Kxd1 Rxh2 29. Bxa6 Rg2 30. Bd3 Rxg3 31. Kxd2 Rg2+ 32. Be2 h5 0-1

[Event "Donau op 11th"]
[Site "Aschach"]
[Date "2002.12.29"]
[Round "5"]
[White "Knoll, Hermann"]
[Black "Mayer, Martin"]
[Result "1/2-1/2"]
[WhiteElo "2365"]
[BlackElo "2073"]
[PlyCount "76"]
[EventDate "2002.12.26"]
[EventType "swiss"]
[EventRounds "7"]
[EventCountry "AUT"]
[SourceTitle "CBM 091 Extra"]
[Source "ChessBase"]
[SourceDate "2003.01.09"]
[SourceVersion "1"]
[SourceVersionDate "2003.01.09"]
[SourceQuality "1"]

1. e4 c5 2. Nf3 d6 3. d4 cxd4 4. Nxd4 Nf6 5. Nc3 e5 6. Nb3 Be6 7. f3 d5 8. exd5 Nxd5 9. Nxd5 Qxd5 10. Qxd5 Bxd5 11. c4 Bb4+ 12. Kf2 Be6 13. Be3 b6 14. a3 Be7 15. Rc1 Nd7 16. Nd2 f5 17. g3 Kf7 18. Be2 Rac8 19. b4 g5 20. Kg2 Rhd8 21. Rc2 h6 22. g4 Nf6 23. h3 Kg6 24. Rhc1 h5 25. gxh5+ Nxh5 26. c5 bxc5 27. Bc4 Kf7 28. bxc5 Bxc5 29. Bxe6+ Kxe6 30. Rxc5 Rxc5 31. Rxc5 f4 32. Nc4 fxe3 33. Rxe5+ Kf6 34. Rxe3 Nf4+ 35. Kg3 Rh8 36. Ne5 Rxh3+ 37. Kf2 Rh2+ 38. Kg1 Ra2 1/2-1/2